[Event "German Bundesliga 2023-24"]
[Site "Germany"]
[Date "2024.03.17"]
[Round "13.14"]
[White "Vandenbussche, Thibaut"]
[Black "Thybo, Jesper Sondergaard"]
[Result "1/2-1/2"]
[WhiteElo "2434"]
[BlackElo "2522"]
[Annotator "TA"]
[PlyCount "89"]
[EventDate "2023.10.20"]
[EventType "team-tourn"]
[EventCountry "GER"]
[SourceTitle "playchess.com"]
[Source "ChessBase"]
[SourceQuality "1"]

1. e4 c5 2. Nf3 Nc6 3. Bb5 g6 4. O-O Bg7 5. c3 Nf6 6. d4 Nxe4 7. d5 Nd6 8. Bd3 Ne5 9. Nxe5 Bxe5 10. Re1 Bg7 11. Bf4 O-O 12. Na3 Ne8 13. Qe2 e6 14. dxe6 fxe6 15. Bg3 d5 16. h4 Nf6 17. Nb5 Nh5 18. Bh2 Nf4 19. Bxf4 Rxf4 20. Qe3 Rxh4 21. Qxc5 Rh5 22. Be2 Re5 23. Qd6 Qd7 24. Qxd7 Bxd7 25. Nd6 Rb8 26. Bb5 Bxb5 27. Nxb5 a6 28. Rxe5 Bxe5 29. Re1 Bf6 30. Nd6 e5 31. c4 dxc4 32. Nxc4 Rd8 33. Kf1 b5 34. Nxe5 Rd2 35. Nf3 Rxb2 36. Re6 Kf7 37. Rxa6 h5 38. g3 g5 39. Ra7+ Kg6 40. Ra6 Kf5 41. Kg2 b4 42. Ra5+ Kg6 43. Ra6 Kf5 44. Ra5+ Kg6 45. Ra6 1/2-1/2

[Event "German Bundesliga 2023-24"]
[Site "Germany"]
[Date "2024.03.17"]
[Round "13.15"]
[White "Ochsner, Bjorn Moller"]
[Black "Geirnaert, Steven"]
[Result "1/2-1/2"]
[WhiteElo "2518"]
[BlackElo "2432"]
[Annotator "TA"]
[PlyCount "90"]
[EventDate "2023.10.20"]
[EventType "team-tourn"]
[EventCountry "GER"]
[SourceTitle "playchess.com"]
[Source "ChessBase"]
[SourceQuality "1"]

1. e4 e5 2. Nf3 Nc6 3. Bb5 a6 4. Ba4 Nf6 5. O-O Nxe4 6. d4 b5 7. Bb3 d5 8. dxe5 Be6 9. c3 Bc5 10. Nbd2 O-O 11. Bc2 Bf5 12. Nb3 Bg6 13. Nfd4 Bxd4 14. cxd4 a5 15. Be3 a4 16. Nd2 a3 17. Nxe4 axb2 18. Rb1 Bxe4 19. Rxb2 Qd7 20. Bd3 Bxd3 21. Qxd3 b4 22. Rc1 Rfb8 23. Rbc2 b3 24. Rxc6 b2 25. Rxc7 Qxc7 26. Rxc7 b1=Q+ 27. Qf1 Qxf1+ 28. Kxf1 Rxa2 29. g3 h6 30. Rd7 Ra5 31. Kg2 Rf8 32. Bd2 Rb5 33. Bc1 Ra8 34. Bf4 g5 35. Be3 g4 36. e6 h5 37. exf7+ Kg7 38. Bf4 Rf8 39. Be5+ Kg6 40. Rd6+ Kxf7 41. Rh6 Rb2 42. Bf4 Re8 43. Be5 Rf8 44. Bf4 Re8 45. Be5 Rf8 1/2-1/2

[Event "German Bundesliga 2023-24"]
[Site "Germany"]
[Date "2024.03.17"]
[Round "13.15"]
[White "Kruckenhauser, Arthur"]
[Black "Naumann, Alexander"]
[Result "1/2-1/2"]
[WhiteElo "2313"]
[BlackElo "2498"]
[Annotator "RC"]
[PlyCount "43"]
[EventDate "2023.10.20"]
[EventType "team-tourn"]
[EventCountry "GER"]
[SourceTitle "playchess.com"]
[Source "ChessBase"]
[SourceQuality "1"]

1. e4 e5 2. Nf3 Nc6 3. Nc3 Nf6 4. a3 d5 5. Bb5 Nxe4 6. Qe2 Nxc3 7. Qxe5+ Qe7 8. dxc3 Bd7 9. Qxe7+ Bxe7 10. Bf4 O-O-O 11. h3 a6 12. Bd3 h6 13. O-O-O Bc5 14. Bg3 Rhe8 15. Rhe1 Rxe1 16. Rxe1 Re8 17. Rxe8+ Bxe8 18. Kd2 Kd7 19. c4 dxc4 20. Bxc4 Bd6 21. Bxd6 Kxd6 22. Ke3 1/2-1/2

[Event "German Bundesliga 2023-24"]
[Site "Germany"]
[Date "2024.03.17"]
[Round "13.15"]
[White "Hampel, Felix"]
[Black "Buhmann, Rainer"]
[Result "1/2-1/2"]
[WhiteElo "2298"]
[BlackElo "2568"]
[Annotator "RC"]
[PlyCount "145"]
[EventDate "2023.10.20"]
[EventType "team-tourn"]
[EventCountry "GER"]
[SourceTitle "playchess.com"]
[Source "ChessBase"]
[SourceQuality "1"]

1. c4 e6 2. Nf3 d5 3. e3 Nf6 4. Nc3 Be7 5. b3 O-O 6. Bb2 b6 7. cxd5 Nxd5 8. Nxd5 exd5 9. Rc1 a5 10. Qc2 c5 11. d4 Nc6 12. Be2 Nb4 13. Qb1 g6 14. Bc3 Bf5 15. Qb2 Nd3+ 16. Bxd3 Bxd3 17. Ne5 Ba6 18. Nc6 Qd7 19. Nxe7+ Qxe7 20. dxc5 Qe4 21. Rg1 bxc5 22. Bg7 Rfe8 23. Bh6 d4 24. g4 Qe5 25. Rg3 g5 26. Rh3 Rad8 27. Qb1 Qd5 28. Rh5 Re5 29. Bxg5 Qh1+ 30. Kd2 dxe3+ 31. Kc3 Rd3+ 32. Kb2 Qd5 33. Bxe3 c4 34. bxc4 Qd6 35. Ka1 Rxh5 36. gxh5 f6 37. c5 Qe5+ 38. Qb2 Kf7 39. Qxe5 fxe5 40. Kb2 a4 41. Rg1 Bb7 42. Rg4 Bc6 43. h6 Kf6 44. Rg7 a3+ 45. Kc2 Be4 46. Kc1 Ke6 47. Ra7 Kd5 48. Ra6 Rc3+ 49. Kd1 Bb1 50. Bc1 Bxa2 51. Bxa3 Bc4 52. Ra7 Rf3 53. Ke1 Kc6 54. Bc1 Rf7 55. Ra5 Rb7 56. Be3 Rb1+ 57. Kd2 Rb2+ 58. Kc3 Ra2 59. Rxa2 Bxa2 60. Kd3 Bd5 61. Ke2 Kd7 62. Bg5 Ke6 63. Kd3 e4+ 64. Ke3 Bc6 65. Bf4 Bb7 66. Kd4 Bc6 67. Kc4 Kd7 68. Be3 Ke6 69. Kb4 Kd7 70. Ka5 Bd5 71. Kb5 Bc6+ 72. Kc4 Ke6 73. Kb4 1/2-1/2

[Event "German Bundesliga 2023-24"]
[Site "Germany"]
[Date "2024.03.17"]
[Round "13.16"]
[White "Wagner, Dinara"]
[Black "Sreyas Payyappat"]
[Result "1-0"]
[WhiteElo "2459"]
[BlackElo "2075"]
[Annotator "TA"]
[PlyCount "85"]
[EventDate "2023.10.20"]
[EventType "team-tourn"]
[EventCountry "GER"]
[SourceTitle "playchess.com"]
[Source "ChessBase"]
[SourceQuality "1"]

1. d4 Nf6 2. c4 e6 3. Nc3 c5 4. d5 exd5 5. cxd5 d6 6. e4 g6 7. f4 Bg7 8. Bb5+ Nfd7 9. a4 O-O 10. Nf3 Na6 11. O-O Nb4 12. h3 a6 13. Bc4 b5 14. axb5 axb5 15. Rxa8 bxc4 16. Ra3 Nb6 17. Be3 f5 18. e5 Nd3 19. Ne1 Nb4 20. exd6 Qxd6 21. Ra5 Nd7 22. Qa4 Nd3 23. Qxc4 Nxb2 24. Qb3 Re8 25. Bf2 Ba6 26. Rxa6 Qxa6 27. Qxb2 Rb8 28. Qe2 c4 29. Nd1 Qb5 30. Qe6+ Kh8 31. Qc6 Nf6 32. Ne3 Qxc6 33. dxc6 c3 34. N1c2 Rc8 35. Nb4 Bf8 36. Nec2 Ne4 37. Bd4+ Bg7 38. Bxg7+ Kxg7 39. Rd1 Nd2 40. Ra1 Ne4 41. Ra7+ Kf6 42. Nd4 g5 43. Nd5+ 1-0

[Event "German Bundesliga 2023-24"]
[Site "Germany"]
[Date "2024.03.17"]
[Round "13.16"]
[White "Wegerle, Joerg"]
[Black "Raykhman, Alexander"]
[Result "1-0"]
[WhiteElo "2405"]
[BlackElo "2368"]
[Annotator "TA"]
[PlyCount "67"]
[EventDate "2023.10.20"]
[EventType "team-tourn"]
[EventCountry "GER"]
[SourceTitle "playchess.com"]
[Source "ChessBase"]
[SourceQuality "1"]

1. d4 Nf6 2. Bf4 g6 3. Nc3 d5 4. e3 a6 5. Be2 Bg7 6. h4 h5 7. Nf3 O-O 8. Ne5 b5 9. g4 hxg4 10. Nxg4 Bxg4 11. Bxg4 b4 12. Na4 Nxg4 13. Qxg4 Qd7 14. Qxd7 Nxd7 15. O-O-O c6 16. h5 Rfe8 17. Rdg1 Nf8 18. Nc5 e5 19. dxe5 Bxe5 20. hxg6 fxg6 21. Nd3 Bxf4 22. exf4 Re6 23. f5 Rf6 24. fxg6 Kg7 25. Nxb4 Re8 26. Nd3 Re4 27. Rg5 Nxg6 28. b3 Kf8 29. Nc5 Re7 30. Rhg1 Kf7 31. Nxa6 Re2 32. Nb4 Rexf2 33. Nd3 Re2 34. Rxg6 1-0

[Event "German Bundesliga 2023-24"]
[Site "Germany"]
[Date "2024.03.17"]
[Round "13.16"]
[White "Baerwinkel, Tobias"]
[Black "Fromm, Marius"]
[Result "0-1"]
[WhiteElo "2306"]
[BlackElo "2435"]
[Annotator "TA"]
[PlyCount "78"]
[EventDate "2023.10.20"]
[EventType "team-tourn"]
[EventCountry "GER"]
[SourceTitle "playchess.com"]
[Source "ChessBase"]
[SourceQuality "1"]

1. d4 Nf6 2. c4 e6 3. g3 c5 4. d5 exd5 5. cxd5 d6 6. Bg2 g6 7. Nc3 Bg7 8. Nf3 O-O 9. O-O Re8 10. Bf4 h6 11. Qc1 g5 12. Be3 Bf5 13. h4 g4 14. Nd2 Rxe3 15. fxe3 Bg6 16. Nc4 Qe7 17. e4 Nh5 18. e5 Nxg3 19. Qf4 Qxh4 20. e6 fxe6 21. Qxd6 Kh7 22. Ne5 Nxf1 23. Rxf1 g3 24. Rf7 Bxf7 25. dxe6 Bxe5 26. Qxe5 Qd4+ 27. Qxd4 cxd4 28. Nb5 Nc6 29. exf7 Kg7 30. Nd6 Ne5 31. Bxb7 Rb8 32. b3 Nxf7 33. Nf5+ Kf6 34. Be4 Nd6 35. Nxd6 Ke5 36. Kg2 Kxd6 37. Kxg3 Ke5 38. Bd3 Rg8+ 39. Kh4 Kf4 0-1

[Event "German Bundesliga 2023-24"]
[Site "Germany"]
[Date "2024.04.27"]
[Round "14"]
[White "Adams, Michael"]
[Black "Dinstuhl, Volkmar"]
[Result "1-0"]
[WhiteElo "2674"]
[BlackElo "2380"]
[Annotator "TA"]
[PlyCount "75"]
[EventDate "2023.10.20"]
[EventType "team-tourn"]
[EventCountry "GER"]
[SourceTitle "playchess.com"]
[Source "ChessBase"]
[SourceQuality "1"]

1. e4 e5 2. Nf3 Nc6 3. Bb5 Nge7 4. d4 exd4 5. Nxd4 Nxd4 6. Qxd4 Nc6 7. Qe3 Bb4+ 8. c3 Be7 9. O-O O-O 10. Nd2 d6 11. Nf3 a6 12. Bc4 Ne5 13. Nxe5 dxe5 14. Qg3 Bd6 15. Bg5 Qd7 16. Bf6 Qg4 17. Bxe5 Qxg3 18. Bxg3 Bxg3 19. hxg3 Be6 20. Bxe6 fxe6 21. Rfd1 Rad8 22. g4 h6 23. f3 Kf7 24. Kf2 Rxd1 25. Rxd1 Ke7 26. Ke3 a5 27. a4 Ra8 28. Rh1 Ra6 29. Kd3 Rd6+ 30. Kc2 b6 31. b4 axb4 32. cxb4 Rd4 33. Kc3 c5 34. bxc5 bxc5 35. Ra1 Kd6 36. a5 Kc7 37. a6 Kb8 38. Ra5 1-0

[Event "German Bundesliga 2023-24"]
[Site "Germany"]
[Date "2024.04.27"]
[Round "14"]
[White "Shirov, Alexei"]
[Black "Hausrath, Daniel"]
[Result "1-0"]
[WhiteElo "2657"]
[BlackElo "2462"]
[Annotator "TA"]
[PlyCount "59"]
[EventDate "2023.10.20"]
[EventType "team-tourn"]
[EventCountry "GER"]
[SourceTitle "playchess.com"]
[Source "ChessBase"]
[SourceQuality "1"]

1. e4 c5 2. Nf3 Nc6 3. d4 cxd4 4. Nxd4 g6 5. c4 Bg7 6. Be3 Nf6 7. Nc3 O-O 8. Be2 d6 9. O-O Bd7 10. Nc2 Be6 11. f4 Qc8 12. Qd2 Ng4 13. Bxg4 Bxg4 14. f5 gxf5 15. Bh6 f4 16. Bxg7 Kxg7 17. Rxf4 Kh8 18. Nd5 Be6 19. Nd4 Bxd5 20. exd5 Ne5 21. b3 Rg8 22. Raf1 Rg4 23. Nf5 Rxf4 24. Qxf4 Qc7 25. Qg5 Ng6 26. Re1 f6 27. Qh6 e5 28. h4 Rg8 29. h5 Qc5+ 30. Re3 1-0

[Event "German Bundesliga 2023-24"]
[Site "Germany"]
[Date "2024.04.27"]
[Round "14"]
[White "Motylev, Alexander"]
[Black "Warmerdam, Max"]
[Result "0-1"]
[WhiteElo "2619"]
[BlackElo "2636"]
[Annotator "TA"]
[PlyCount "60"]
[EventDate "2023.10.20"]
[EventType "team-tourn"]
[EventCountry "GER"]
[SourceTitle "playchess.com"]
[Source "ChessBase"]
[SourceQuality "1"]

1. e4 c5 2. Nf3 d6 3. d4 cxd4 4. Nxd4 Nf6 5. Nc3 a6 6. Rg1 g6 7. g4 Bg7 8. Be2 Nc6 9. Be3 O-O 10. g5 Nh5 11. Bxh5 gxh5 12. Nd5 Bg4 13. Qd3 Rc8 14. h3 Ne5 15. Qb3 Bf3 16. Qxb7 Kh8 17. Nc3 Rc7 18. Qxa6 Qd7 19. Ndb5 Rc4 20. Nd4 h4 21. Kd2 Rfc8 22. Rae1 Rxd4+ 23. Bxd4 Nc4+ 24. Kd3 Nxb2+ 25. Ke3 Bxd4+ 26. Kxd4 e5+ 27. Ke3 Rxc3+ 28. Kd2 Rc6 29. Qa8+ Rc8 30. Qd5 Nc4+ 0-1

[Event "German Bundesliga 2023-24"]
[Site "Germany"]
[Date "2024.04.27"]
[Round "14"]
[White "Ragger, Markus"]
[Black "Oleksiyenko, Mykhaylo"]
[Result "1/2-1/2"]
[WhiteElo "2615"]
[BlackElo "2567"]
[Annotator "TA"]
[PlyCount "45"]
[EventDate "2023.10.20"]
[EventType "team-tourn"]
[EventCountry "GER"]
[SourceTitle "playchess.com"]
[Source "ChessBase"]
[SourceQuality "1"]

1. d4 d5 2. c4 e6 3. Nf3 Nf6 4. g3 Be7 5. Bg2 Ne4 6. Nc3 f5 7. h4 O-O 8. Bf4 c6 9. O-O Nd7 10. Nxe4 dxe4 11. Ne5 Nxe5 12. Bxe5 Bf6 13. e3 Bxe5 14. dxe5 c5 15. Qxd8 Rxd8 16. Rfd1 Bd7 17. Rd6 Bc6 18. Rxe6 Kf7 19. Rd6 Rxd6 20. exd6 Rd8 21. Rd1 Ke6 22. Bh3 h5 23. Kf1 1/2-1/2

[Event "German Bundesliga 2023-24"]
[Site "Germany"]
[Date "2024.04.27"]
[Round "14"]
[White "Movsesian, Sergei"]
[Black "Van Osch, Mees"]
[Result "1-0"]
[WhiteElo "2605"]
[BlackElo "2363"]
[Annotator "TA"]
[PlyCount "63"]
[EventDate "2023.10.20"]
[EventType "team-tourn"]
[EventCountry "GER"]
[SourceTitle "playchess.com"]
[Source "ChessBase"]
[SourceQuality "1"]

1. e4 c5 2. Nf3 e6 3. d4 cxd4 4. Nxd4 Nf6 5. Nc3 Nc6 6. a3 Be7 7. Be3 O-O 8. f4 e5 9. Nxc6 dxc6 10. f5 b5 11. Bd3 Bb7 12. Qf3 a6 13. Rd1 Qc7 14. g4 Nd7 15. Be2 Rfd8 16. g5 Bf8 17. h4 c5 18. h5 b4 19. Nd5 Bxd5 20. Rxd5 bxa3 21. bxa3 Qa5+ 22. Kf2 Nb6 23. Rxd8 Rxd8 24. h6 g6 25. fxg6 fxg6 26. Qh3 Kf7 27. Rf1 Be7 28. Kg2+ Ke8 29. Qe6 Rd2 30. Qf7+ Kd7 31. Bxd2 Qxd2 32. Rd1 1-0

[Event "German Bundesliga 2023-24"]
[Site "Germany"]
[Date "2024.04.27"]
[Round "14"]
[White "Cornette, Matthieu"]
[Black "Naumann, Alexander"]
[Result "1/2-1/2"]
[WhiteElo "2588"]
[BlackElo "2498"]
[Annotator "TA"]
[PlyCount "76"]
[EventDate "2023.10.20"]
[EventType "team-tourn"]
[EventCountry "GER"]
[SourceTitle "playchess.com"]
[Source "ChessBase"]
[SourceQuality "1"]

1. d4 d5 2. c4 c6 3. Nc3 Nf6 4. Nf3 dxc4 5. e4 b5 6. a4 b4 7. Na2 Nxe4 8. Bxc4 e6 9. O-O Be7 10. Re1 Nf6 11. Bg5 Nbd7 12. Qc2 O-O 13. Rad1 a5 14. Nc1 Nd5 15. h4 Ba6 16. Ba2 Rc8 17. Nb3 Re8 18. Bxe7 Rxe7 19. Ng5 Nf8 20. Nc5 Ra7 21. Bb1 h6 22. Nf3 Qf6 23. Re4 h5 24. Ng5 g6 25. Rde1 Re8 26. g3 Bc8 27. Re5 Rd8 28. Qe2 Ne7 29. Nf3 Nd7 30. Nxd7 Bxd7 31. Ng5 Bc8 32. Ne4 Qg7 33. Nc5 Nd5 34. Rd1 Nf6 35. Ba2 Ng4 36. Re4 Nf6 37. Re5 Ng4 38. Re4 Nf6 1/2-1/2

[Event "German Bundesliga 2023-24"]
[Site "Germany"]
[Date "2024.04.27"]
[Round "14"]
[White "Lai, Hing Ting"]
[Black "Krastev, Alexander"]
[Result "0-1"]
[WhiteElo "2478"]
[BlackElo "2470"]
[Annotator "TA"]
[PlyCount "108"]
[EventDate "2023.10.20"]
[EventType "team-tourn"]
[EventCountry "GER"]
[SourceTitle "playchess.com"]
[Source "ChessBase"]
[SourceQuality "1"]

1. d4 d5 2. c4 e6 3. Nc3 Nf6 4. cxd5 exd5 5. Bg5 c6 6. e3 Bd6 7. Bd3 O-O 8. Nge2 Re8 9. Qd2 Nbd7 10. f3 h6 11. Bh4 Nf8 12. O-O Be7 13. Bf2 Ne6 14. Ng3 c5 15. Nf5 cxd4 16. exd4 Bd7 17. Bh4 Bc6 18. Rae1 Bf8 19. Re5 g5 20. Bf2 Nd7 21. Ree1 Qf6 22. Ne3 Nf4 23. Bb1 Bg7 24. Nf5 Nf8 25. Be3 N8g6 26. g3 Ne6 27. b4 a6 28. a4 b5 29. axb5 axb5 30. Bf2 Bf8 31. Bd3 Ra3 32. Qb2 Rea8 33. Bb1 Nc7 34. Kg2 Bd7 35. Ne3 Qd6 36. Rc1 h5 37. Qc2 R3a7 38. Rfe1 Be6 39. Nf5 Qd7 40. Re5 Ne8 41. Ne3 Rc8 42. Rxg5 Rac7 43. Qb2 Nf6 44. h4 Bh6 45. Bxg6 fxg6 46. Rxg6+ Bg7 47. Qd2 Bf7 48. Rg5 Nh7 49. Rf5 Bh6 50. g4 hxg4 51. fxg4 Bg6 52. g5 Bxf5 53. gxh6 Nf6 54. Bg3 Ne4 0-1

[Event "German Bundesliga 2023-24"]
[Site "Germany"]
[Date "2024.04.27"]
[Round "14"]
[White "Zelbel, Patrick"]
[Black "Donchenko, Alexander"]
[Result "1/2-1/2"]
[WhiteElo "2478"]
[BlackElo "2664"]
[Annotator "TA"]
[PlyCount "50"]
[EventDate "2023.10.20"]
[EventType "team-tourn"]
[EventCountry "GER"]
[SourceTitle "playchess.com"]
[Source "ChessBase"]
[SourceQuality "1"]

1. e4 c5 2. Nf3 d6 3. Bb5+ Nd7 4. O-O a6 5. Bd3 Ngf6 6. c3 b5 7. a4 Bb7 8. axb5 axb5 9. Rxa8 Qxa8 10. Bxb5 Bxe4 11. d4 Bxb1 12. dxc5 Be4 13. Re1 e6 14. Rxe4 Nxe4 15. c6 Nb6 16. Qd4 Qa5 17. c4 Qa1 18. c7+ Ke7 19. Qd1 Qa7 20. c8=N+ Nxc8 21. Nd4 Qc7 22. Nc6+ Ke8 23. Nb8+ Ke7 24. Nc6+ Ke8 25. Nb8+ Ke7 1/2-1/2

[Event "German Bundesliga 2023-24"]
[Site "Germany"]
[Date "2024.04.27"]
[Round "14"]
[White "Halvax, Georg"]
[Black "Van den Doel, Erik"]
[Result "0-1"]
[WhiteElo "2449"]
[BlackElo "2547"]
[Annotator "TA"]
[PlyCount "58"]
[EventDate "2023.10.20"]
[EventType "team-tourn"]
[EventCountry "GER"]
[SourceTitle "playchess.com"]
[Source "ChessBase"]
[SourceQuality "1"]

1. d4 d5 2. c4 c6 3. Nf3 Nf6 4. e3 Bf5 5. Nc3 e6 6. Nh4 Be4 7. f3 Bg6 8. Qb3 Qc7 9. Bd2 a5 10. Rc1 Be7 11. g3 Nbd7 12. cxd5 Nxd5 13. Nxd5 exd5 14. Qxd5 Qd8 15. Qb3 Bxh4 16. gxh4 Qxh4+ 17. Kd1 O-O 18. Qxb7 Rfd8 19. Qc7 c5 20. Rc4 Qh5 21. Qf4 Bb1 22. a3 Ba2 23. Rc1 cxd4 24. exd4 Nf8 25. Bc3 Ne6 26. Qg4 Qh6 27. Bd3 Bb3+ 28. Ke2 Nf4+ 29. Ke3 Nd5+ 0-1

[Event "German Bundesliga 2023-24"]
[Site "Germany"]
[Date "2024.04.27"]
[Round "14"]
[White "Buckels, Valentin"]
[Black "Kasimdzhanov, Rustam"]
[Result "1/2-1/2"]
[WhiteElo "2429"]
[BlackElo "2679"]
[Annotator "TA"]
[PlyCount "102"]
[EventDate "2023.10.20"]
[EventType "team-tourn"]
[EventCountry "GER"]
[SourceTitle "playchess.com"]
[Source "ChessBase"]
[SourceQuality "1"]

1. d4 g6 2. g3 Bg7 3. Bg2 d6 4. c4 Nf6 5. Nf3 O-O 6. Nc3 Nc6 7. d5 Na5 8. b3 c5 9. Bb2 a6 10. O-O Rb8 11. a4 e5 12. dxe6 Bxe6 13. Nd2 Re8 14. Rb1 Bf5 15. e4 Bg4 16. f3 Bd7 17. Rf2 Nh5 18. Nf1 Bd4 19. Nd5 Nc6 20. Nfe3 Nf6 21. Bxd4 Nxd5 22. Nxd5 Nxd4 23. Rd2 Bc6 24. Nc3 Qf6 25. b4 Ne6 26. Nd5 Qd8 27. Kh1 h5 28. f4 Nd4 29. bxc5 dxc5 30. e5 Re6 31. Nf6+ Rxf6 32. exf6 Qxf6 33. a5 Re8 34. Qf1 h4 35. Bxc6 Qxc6+ 36. Qg2 Re4 37. gxh4 Qe6 38. Rf2 Nf5 39. h5 Nh4 40. Qf1 Re3 41. hxg6 Qe4+ 42. Kg1 fxg6 43. Qd1 Kg7 44. Qd7+ Kh6 45. Rbf1 Nf3+ 46. Rxf3 Rxf3 47. Rxf3 Qxf3 48. Qd6 Qe3+ 49. Kg2 Qe2+ 50. Kg3 Qe3+ 51. Kg2 Qe2+ 1/2-1/2

[Event "German Bundesliga 2023-24"]
[Site "Germany"]
[Date "2024.04.27"]
[Round "14"]
[White "Wegerle, Joerg"]
[Black "Riehle, Marco"]
[Result "1/2-1/2"]
[WhiteElo "2412"]
[BlackElo "2368"]
[Annotator "RC"]
[PlyCount "66"]
[EventDate "2023.10.20"]
[EventType "team-tourn"]
[EventCountry "GER"]
[SourceTitle "playchess.com"]
[Source "ChessBase"]
[SourceQuality "1"]

1. e4 e5 2. Nf3 Nc6 3. Bb5 a6 4. Bxc6 dxc6 5. O-O f6 6. d4 exd4 7. Nxd4 c5 8. Nb3 Qxd1 9. Rxd1 Bg4 10. f3 Be6 11. Bf4 c4 12. Nd4 O-O-O 13. Nc3 Bc5 14. Be3 Bxd4 15. Rxd4 Rxd4 16. Bxd4 Ne7 17. Ne2 Rd8 18. Kf2 b6 19. Bc3 c5 20. Ke1 Nc6 21. Rd1 Re8 22. Nf4 Kc7 23. Nd5+ Bxd5 24. Rxd5 Rd8 25. Rxd8 Kxd8 26. Bd2 Kd7 27. Be3 Kd6 28. Bf4+ Ke6 29. Kd2 b5 30. Be3 Kd6 31. Bf4+ Ke6 32. Be3 Kd6 33. Bf4+ Ke6 1/2-1/2

[Event "German Bundesliga 2023-24"]
[Site "Germany"]
[Date "2024.04.27"]
[Round "14"]
[White "Gungl, Theo"]
[Black "Bacrot, Etienne"]
[Result "1/2-1/2"]
[WhiteElo "2372"]
[BlackElo "2668"]
[Annotator "TA"]
[PlyCount "117"]
[EventDate "2023.10.20"]
[EventType "team-tourn"]
[EventCountry "GER"]
[SourceTitle "playchess.com"]
[Source "ChessBase"]
[SourceQuality "1"]

1. d4 Nf6 2. c4 e6 3. Nc3 Bb4 4. e3 O-O 5. Bd2 c5 6. a3 Bxc3 7. Bxc3 Ne4 8. Ne2 b6 9. d5 Bb7 10. f3 Nxc3 11. Nxc3 exd5 12. cxd5 d6 13. Be2 a6 14. a4 f5 15. O-O Nd7 16. Qd2 Qe7 17. Rae1 g6 18. b3 Rae8 19. Bc4 Qg7 20. Ne2 Ne5 21. Nf4 Bc8 22. Qe2 Qb7 23. Rb1 Rf7 24. Rfd1 Rfe7 25. Ne6 Nxc4 26. bxc4 Bxe6 27. dxe6 Qc6 28. Qb2 Rxe6 29. Qxb6 Qxa4 30. Rxd6 Rxd6 31. Qxd6 Qxc4 32. Qd7 Qe6 33. Qxe6+ Rxe6 34. Kf2 Rc6 35. Ke2 c4 36. Kd2 c3+ 37. Kc2 h5 38. Rb7 Kf8 39. Ra7 Ke8 40. e4 fxe4 41. fxe4 Kd8 42. e5 Kc8 43. h4 Kd8 44. Rg7 Ke8 45. Ra7 Kf8 46. Rd7 a5 47. Ra7 Rc5 48. e6 Ke8 49. g3 g5 50. hxg5 Rxg5 51. Kxc3 Rxg3+ 52. Kb2 Rg5 53. Rh7 a4 54. Ka3 Ra5 55. Rb7 Kf8 56. Rh7 Re5 57. e7+ Rxe7 58. Rxh5 Kg7 59. Kxa4 1/2-1/2

[Event "German Bundesliga 2023-24"]
[Site "Germany"]
[Date "2024.04.27"]
[Round "14"]
[White "Bashylina, Luisa"]
[Black "Kuehn, Kolja"]
[Result "1/2-1/2"]
[WhiteElo "2175"]
[BlackElo "2130"]
[Annotator "NA RC"]
[PlyCount "83"]
[EventDate "2023.10.20"]
[EventType "team-tourn"]
[EventCountry "GER"]
[SourceTitle "playchess.com"]
[Source "ChessBase"]
[SourceQuality "1"]

1. d4 d5 2. c4 dxc4 3. Nf3 Nf6 4. e3 e6 5. Bxc4 c5 6. O-O a6 7. Re1 Nc6 8. Nc3 b5 9. Bd3 Bb7 10. a4 b4 11. Ne4 Na5 12. Nxf6+ gxf6 13. e4 c4 14. Bf1 Qc7 15. Bd2 Nb3 16. Rb1 a5 17. Qc2 Rc8 18. Be3 Bg7 19. Nd2 Nxd2 20. Bxd2 O-O 21. Rbc1 Ba6 22. Re3 Qd6 23. Rg3 Kh8 24. Qd1 Rg8 25. Be3 Bb7 26. Qf3 f5 27. Rh3 e5 28. Qxf5 Qg6 29. Qxg6 fxg6 30. Bxc4 exd4 31. Bxg8 dxe3 32. Rxc8 Bxc8 33. Rxe3 Kxg8 34. e5 Kf7 35. Kf1 Ke6 36. b3 Bb7 37. f4 Bf8 38. g4 Bd5 39. Ke2 h5 40. gxh5 gxh5 41. Rd3 h4 42. Kd2 1/2-1/2

[Event "German Bundesliga 2023-24"]
[Site "Germany"]
[Date "2024.04.27"]
[Round "14"]
[White "Dordevic, Tom"]
[Black "Hagner, Bennet"]
[Result "1/2-1/2"]
[WhiteElo "1997"]
[BlackElo "2356"]
[Annotator "TA"]
[PlyCount "194"]
[EventDate "2023.10.20"]
[EventType "team-tourn"]
[EventCountry "GER"]
[SourceTitle "playchess.com"]
[Source "ChessBase"]
[SourceQuality "1"]

1. d4 Nf6 2. c4 e6 3. Nf3 d5 4. g3 Bb4+ 5. Bd2 a5 6. Qc2 O-O 7. Bg2 c5 8. cxd5 cxd4 9. Nxd4 Qb6 10. e3 exd5 11. O-O Nc6 12. Nxc6 bxc6 13. Rc1 Rb8 14. b3 Bd7 15. Nc3 h5 16. Na4 Qd8 17. Bxb4 axb4 18. Nc5 Bc8 19. Rd1 h4 20. Rd4 hxg3 21. hxg3 Ng4 22. Bf3 Qf6 23. Kg2 Bf5 24. Qd2 Ne5 25. Be2 g6 26. Rh1 Rfe8 27. Rxb4 Rbd8 28. Qd4 Kg7 29. g4 Be4+ 30. Nxe4 dxe4 31. Qxe4 Rd2 32. Qf4 Nd7 33. Qxf6+ Nxf6 34. Bf3 Rxe3 35. Bxc6 Rxa2 36. Rf1 Rb2 37. Bf3 Rexb3 38. Rxb3 Rxb3 39. Bd1 Rc3 40. Bf3 Nd7 41. Re1 Nc5 42. Bd1 Rc1 43. Rh1 Kf6 44. f4 Ke7 45. Rf1 Kd6 46. g5 Ne4 47. f5 gxf5 48. Rxf5 Rxd1 49. Rxf7 Rd2+ 50. Kf1 Nxg5 51. Rf2 Rd3 52. Ke2 Ra3 53. Rf8 Ne6 54. Rh8 Kd5 55. Rh5+ Ke4 56. Rh4+ Nf4+ 57. Kd2 Rf3 58. Kc2 Kd4 59. Rh8 Rc3+ 60. Kd2 Rg3 61. Rd8+ Nd5 62. Ke2 Rg7 63. Kf2 Re7 64. Rh8 Ke4 65. Ra8 Nc3 66. Rh8 Rf7+ 67. Kg2 Nd5 68. Re8+ Kf4 69. Kf2 Nc3 70. Rc8 Ke4+ 71. Kg2 Nd1 72. Re8+ Kf4 73. Ra8 Rg7+ 74. Kf1 Re7 75. Rf8+ Ke3 76. Kg2 Rg7+ 77. Kf1 Nc3 78. Ra8 Rf7+ 79. Kg2 Rg7+ 80. Kf1 Rg3 81. Ra3 Kf4 82. Ra8 Ne4 83. Ke2 Re3+ 84. Kd1 Rd3+ 85. Kc2 Ke3 86. Re8 Rd7 87. Ra8 Rc7+ 88. Kb2 Kd3 89. Rd8+ Kc4 90. Kc2 Rc6 91. Kb2 Rh6 92. Rc8+ Nc5 93. Kc2 Rh2+ 94. Kd1 Kd3 95. Rd8+ Ke3 96. Re8+ Ne4 97. Kc1 Rg2 1/2-1/2

[Event "German Bundesliga 2023-24"]
[Site "Germany"]
[Date "2024.04.27"]
[Round "14.1"]
[White "Eljanov, Pavel"]
[Black "Bjerre, Jonas Buhl"]
[Result "0-1"]
[WhiteElo "2695"]
[BlackElo "2637"]
[Annotator "TA"]
[PlyCount "124"]
[EventDate "2023.10.20"]
[EventType "team-tourn"]
[EventCountry "GER"]
[SourceTitle "playchess.com"]
[Source "ChessBase"]
[SourceQuality "1"]

1. e4 e5 2. Nf3 Nc6 3. Bc4 Nf6 4. d3 Be7 5. O-O O-O 6. Re1 d6 7. a4 Be6 8. Nbd2 Qd7 9. c3 Rfe8 10. Bxe6 Qxe6 11. b4 d5 12. Qc2 dxe4 13. dxe4 Rad8 14. Nb3 Qc4 15. Nfd2 Qe6 16. b5 Nb8 17. Nf3 h6 18. c4 Nbd7 19. c5 c6 20. Be3 Rc8 21. b6 axb6 22. cxb6 c5 23. a5 c4 24. Nbd2 c3 25. Nb3 Nb8 26. Nc1 Na6 27. Nd3 Bd6 28. Ra4 Rc4 29. Bc1 Rec8 30. h3 Nd7 31. Ba3 Bxa3 32. Rxa3 f6 33. Qa2 Qf7 34. Nh4 g6 35. Ra4 Rxa4 36. Qxa4 Ndc5 37. Nxc5 Nxc5 38. Qd1 Kh7 39. Qg4 Rc6 40. Re2 h5 41. Qg3 Nb3 42. a6 Nd4 43. Re1 c2 44. a7 Ne2+ 45. Rxe2 c1=Q+ 46. Kh2 Rc8 47. Re3 Qb2 48. Ra3 Ra8 49. Qe3 Qe6 50. Rd3 Qbxb6 51. Rd7+ Kg8 52. Qd2 Qe8 53. Rd6 Qxa7 54. Rxf6 Qa2 55. Qg5 Ra6 56. Rf3 Kh7 57. g4 Qae6 58. gxh5 gxh5 59. Nf5 Qf6 60. Qd2 h4 61. Rd3 Kh8 62. Qb2 Qg5 0-1